Which Greek Hero? - Statistics

General Stats
  • This quiz has been taken 8 times
  • The average score is 9 of 16
Answer Stats
Hint Answer % Correct
As a child, he strangled two giant snakes sent by Hera. Hercules
86%
He defeated the Nemean Lion, then wore the lion's skin. Hercules
86%
He married his own mother Jocasta. Oedipus
86%
With the help of Medea, he was able to seize the Golden Fleece. Jason
71%
During the Trojan War, he devised the strategy of the Trojan Horse. Odysseus
71%
He blinded the Cyclops Polyphemus. Odysseus
71%
He saved his friends, who were turned into pigs by the witch-goddess Circe. Odysseus
71%
Upon returning home, he killed all the suitors of his wife Penelope. Odysseus
71%
He slayed the Minotaur, half human, half bull. Theseus
71%
He cleaned the Augean Stables in just one day. Hercules
57%
He slayed the snake-haired Medusa. Perseus
57%
He saved the Ethiopian princess Andromeda from the sea serpent Cetus. Perseus
57%
He killed his own children and his wife Megara. Hercules
29%
He tried to abduct Persephone from the Underworld, but got stuck sitting on a rock. Theseus
29%
He had to plow a field with the fire-breathing oxen of the king of Colchis. Jason
14%
He answered the riddle of the Sphinx correctly. Oedipus
14%
No matching quizzes found
Score Distribution
Percent of People with Each Score
Percentile by Number Answered
Your Score History
You have not taken this quiz